Normal view
MARC view
- Bridges
Entry Topical Term
001 - CONTROL NUMBER
- control field: 21718
003 - CONTROL NUMBER IDENTIFIER
- control field: NUST
005 - DATE AND TIME OF LATEST TRANSACTION
- control field: 20190927095137.0
008 - FIXED-LENGTH DATA ELEMENTS
- fixed length control field: 190927|| aca||aabn | a|a d
040 ## - CATALOGING SOURCE
- Original cataloging agency: NUST
- Transcribing agency: NUST
150 ## - HEADING--TOPICAL TERM
- Topical term or geographic name entry element: Bridges
- General subdivision: Floors
- General subdivision: Joints.
670 ## - SOURCE DATA FOUND
- Source citation: Work cat.: (NUST)0: Burke, Martin P. 21717, Bridge deck joints /, [1989]
